[Event "Tata Steel-A 80th"]
[Site "Wijk aan Zee"]
[Date "2018.01.15"]
[Round "3"]
[White "So, Wesley"]
[Black "Karjakin, Sergey"]
[Result "1/2-1/2"]
[WhiteElo "2792"]
[BlackElo "2753"]
[PlyCount "92"]
[EventDate "2018.01.13"]
[EventType "tourn"]
[EventRounds "13"]
[EventCountry "NED"]
[EventCategory "20"]
[SourceTitle "CBM 183"]
[Source "ChessBase"]
[SourceDate "2018.03.14"]
[SourceVersion "1"]
[SourceVersionDate "2018.03.14"]
[SourceQuality "1"]
[TimeControl "40/6000+30:20/3000+30:900+30"]

1. d4 {[%emt 0:00:00]} Nf6 {[%emt 0:00:06]} 2. Nf3 {[%emt 0:00:30]} d5 {
[%emt 0:00:10]} 3. c4 {[%emt 0:00:51]} e6 {[%emt 0:00:07]} 4. Nc3 {[%emt 0:01:
32]} Bb4 {[%emt 0:00:14]} 5. cxd5 {[%emt 0:02:37]} exd5 {[%emt 0:00:14]} 6. Bg5
{[%emt 0:00:04]} O-O {[%emt 0:00:49]} 7. e3 {[%emt 0:05:35]} h6 {[%emt 0:00:16]
} 8. Bh4 {[%emt 0:02:05]} Bf5 {[%emt 0:00:12]} 9. Qb3 {[%emt 0:01:43]} Bxc3+ {
[%emt 0:00:23]} 10. bxc3 {[%emt 0:00:06]} Nbd7 {[%emt 0:02:25]} 11. Be2 {
[%emt 0:01:30]} c5 {[%emt 0:01:03]} 12. dxc5 {[%emt 0:00:06]} g5 {[%emt 0:03:
28]} 13. Nd4 {[%emt 0:10:50]} Bg6 {[%emt 0:09:29]} 14. c6 {[%emt 0:02:44]} bxc6
{[%emt 0:08:29]} 15. Nxc6 {[%emt 0:02:28]} Qe8 {[%emt 0:00:15]} 16. Bg3 {
[%emt 0:00:21]} Nc5 {[%emt 0:03:18]} 17. Qb5 {[%emt 0:00:14]} Nfe4 {[%emt 0:10:
56]} 18. O-O {[%emt 0:16:37]} Rc8 {[%emt 0:06:26]} 19. Nd4 {[%emt 0:04:04]}
Nxc3 {[%emt 0:00:38]} 20. Qa5 {[%emt 0:02:00]} Nxe2+ {[%emt 0:02:23]} 21. Nxe2
{[%emt 0:00:05]} Qa4 {[%emt 0:00:07]} 22. Qxa4 {[%emt 0:04:07]} Nxa4 {[%emt 0:
00:01]} 23. Rfd1 {[%emt 0:00:12]} Rfd8 {[%emt 0:05:40]} 24. Be5 {[%emt 0:00:43]
} Re8 {[%emt 0:03:57]} 25. Bd4 {[%emt 0:09:34]} Rc2 {[%emt 0:00:47]} 26. Kf1 {
[%emt 0:00:53]} a6 {[%emt 0:14:20]} 27. h4 {[%emt 0:05:18]} gxh4 {[%emt 0:10:
16]} 28. Nf4 {[%emt 0:04:48]} Nb2 {[%emt 0:00:21]} 29. Rdc1 {[%emt 0:08:44]}
Rxc1+ {[%emt 0:00:12]} 30. Rxc1 {[%emt 0:00:04]} Nd3 {[%emt 0:00:06]} 31. Nxd3
{[%emt 0:02:05]} Bxd3+ {[%emt 0:00:05]} 32. Kg1 {[%emt 0:00:02]} Bc4 {[%emt 0:
00:15]} 33. a3 {[%emt 0:00:39]} Rb8 {[%emt 0:00:09]} 34. Kh2 {[%emt 0:00:05]}
Rb3 {[%emt 0:00:18]} 35. Ra1 {[%emt 0:03:19]} Rd3 {[%emt 0:02:29]} 36. Kh3 {
[%emt 0:03:09]} Rd2 {[%emt 0:01:02]} 37. f3 {[%emt 0:00:14]} Bd3 {[%emt 0:00:
25]} 38. Rg1 {[%emt 0:01:11]} Bc2 {[%emt 0:00:08]} 39. Kxh4 {[%emt 0:00:39]}
Rd1 {[%emt 0:00:05]} 40. Rxd1 {[%emt 0:00:00]} Bxd1 {[%emt 0:00:03]} 41. Kg4 {
[%emt 0:01:04]} Be2 {[%emt 0:00:15]} 42. Kf5 {[%emt 0:01:19]} h5 {[%emt 0:00:
17]} 43. Kg5 {[%emt 0:00:17]} Bf1 {[%emt 0:00:05]} 44. g3 {[%emt 0:00:08]} Be2
{[%emt 0:00:06]} 45. e4 {[%emt 0:00:06]} Bxf3 {[%emt 0:00:04]} 46. exd5 {
[%emt 0:00:02]} Bxd5 1/2-1/2

[Event "Tata Steel-A 80th"]
[Site "Wijk aan Zee"]
[Date "2018.01.15"]
[Round "3"]
[White "Svidler, Peter"]
[Black "Giri, Anish"]
[Result "1/2-1/2"]
[WhiteElo "2768"]
[BlackElo "2752"]
[PlyCount "42"]
[EventDate "2018.01.13"]
[EventType "tourn"]
[EventRounds "13"]
[EventCountry "NED"]
[EventCategory "20"]
[SourceTitle "CBM 183"]
[Source "ChessBase"]
[SourceDate "2018.03.14"]
[SourceVersion "1"]
[SourceVersionDate "2018.03.14"]
[SourceQuality "1"]
[TimeControl "40/6000+30:20/3000+30:900+30"]

1. e4 {[%emt 0:00:00]} e5 {[%emt 0:00:04]} 2. Nf3 {[%emt 0:00:00]} Nc6 {
[%emt 0:00:29]} 3. Bb5 {[%emt 0:00:03]} Nf6 {[%emt 0:00:04]} 4. Nc3 {[%emt 0:
00:19]} Nd4 {[%emt 0:00:27]} 5. Bc4 {[%emt 0:03:54]} Bc5 {[%emt 0:00:48]} 6. d3
{[%emt 0:03:14]} d6 {[%emt 0:03:13]} 7. Na4 {[%emt 0:27:27]} b5 {[%emt 0:00:21]
} 8. Nxd4 {[%emt 0:03:30]} bxc4 {[%emt 0:00:07]} 9. Ne2 {[%emt 0:12:30]} cxd3 {
[%emt 0:14:03]} 10. Qxd3 {[%emt 0:00:27]} Bb4+ {[%emt 0:00:38]} 11. c3 {
[%emt 0:02:35]} Qd7 {[%emt 0:26:10]} 12. b3 {[%emt 0:14:25]} Ba5 {[%emt 0:00:
08]} 13. O-O {[%emt 0:01:31]} Bb7 {[%emt 0:04:56]} 14. f3 {[%emt 0:01:29]} Bc6
{[%emt 0:03:36]} 15. Qa6 {[%emt 0:00:29]} Bb6+ {[%emt 0:01:11]} 16. Nxb6 {
[%emt 0:00:04]} axb6 {[%emt 0:00:06]} 17. Qd3 {[%emt 0:00:04]} d5 {[%emt 0:09:
28]} 18. exd5 {[%emt 0:00:18]} Qxd5 {[%emt 0:00:11]} 19. Rd1 {[%emt 0:10:20]}
Qxd3 {[%emt 0:02:09]} 20. Rxd3 {[%emt 0:00:09]} O-O {[%emt 0:00:12]} 21. c4 {
[%emt 0:08:54]} Rfe8 {[%emt 0:01:44]} 1/2-1/2

[Event "Tata Steel-A 80th"]
[Site "Wijk aan Zee"]
[Date "2018.01.16"]
[Round "4"]
[White "Adhiban, Baskaran"]
[Black "Anand, Viswanathan"]
[Result "1/2-1/2"]
[WhiteElo "2655"]
[BlackElo "2767"]
[Annotator "Adhiban,B"]
[PlyCount "76"]
[EventDate "2018.01.13"]
[EventType "tourn"]
[EventRounds "13"]
[EventCountry "NED"]
[EventCategory "20"]
[SourceTitle "CBM 183"]
[Source "ChessBase"]
[SourceDate "2018.03.14"]
[SourceVersion "1"]
[SourceVersionDate "2018.03.14"]
[SourceQuality "1"]

{I think I was around 10 when I got the chance to play in a simul against
Vishy Anand. But I told my parents that I didn't want to be just another
"player" in a simul. I wanted to sit in front of him as a fellow player and
hold my own! I had to wait so many years for it...but it was so worth the wait!
} 1. Nf3 d5 2. c4 d4 3. b4 c5 $5 {At the last moment I realised this was a
nasty surprise.} (3... f6 4. e3 e5 5. c5 a5 ({I once faced} 5... d3 6. Qa4+ c6
7. Qb3 e4 8. Nd4 f5 9. Nc3 Nf6 10. Ba3 $1 Qe7 11. g3 h5 12. f3 g6 13. fxe4 fxe4
14. Bg2 h4 15. Rf1 hxg3 16. hxg3 Bg4 17. Nxe4 $1 Nxe4 18. Bxe4 Qxe4 19. Qf7+
Kd8 20. Qf6+ {and I won a nice game in (Adhiban-Raetsky 2016)}) 6. Qa4+ Bd7 7.
b5 Bxc5 8. Bc4 Bg4 9. Bxg8 Nd7 10. Qb3 Qe7 {Vishy managed to pull off an
amazing escape and drew this game!} 11. Bc4 a4 12. Qc2 O-O-O 13. O-O Bxf3 14.
gxf3 Nb6 15. d3 f5 16. e4 f4 17. Kh1 Rd6 18. Rg1 Rh6 19. Nd2 Rf8 20. Nf1 Kb8
21. Bd2 Rh3 22. Be6 Rxf3 23. Kg2 Re3 24. Bg4 f3+ 25. Kh1 Re2 26. Rg3 Rxf2 27.
Kg1 Rg2+ 28. Rxg2 fxg2 29. Ng3 g6 30. Kxg2 h5 31. Be2 Bb4 32. Rf1 Bxd2 33. Qxd2
Rxf1 34. Nxf1 Qc5 35. Qb2 a3 36. Qb3 Qc1 37. Bd1 Nc8 38. Qc2 Qa1 39. Qd2 Nd6
40. b6 cxb6 41. Bb3 Qb2 42. Kh3 Nb5 43. Kh4 Nc3 44. Kg5 Qb1 45. Ng3 Qg1 46.
Kxg6 h4 47. Qg5 hxg3 48. hxg3 Qe3 49. Qxe5+ Ka7 50. Bc4 b5 51. Qc5+ Ka6 52.
Qxa3+ Kb6 53. Qd6+ Ka7 54. Qc5+ Ka6 55. Qd6+ Ka7 56. Qc5+ Ka6 57. Qd6+ {
1/2-1/2 (57) Caruana,F (2804)-Anand,V (2770) Leuven BEL 2016}) (3... Bg4 4. g3
Bxf3 5. exf3 e6 6. Qb3 a5 7. b5 Nd7 8. Bg2 Nc5 9. Qc2 h5 10. d3 h4 11. f4 Nh6
12. Nd2 a4 13. Ba3 Ra7 14. Rb1 Be7 15. Ne4 Nxe4 16. Bxe7 Qxe7 17. Bxe4 O-O 18.
b6 cxb6 19. Rxb6 Ng4 20. O-O Nf6 21. Bf3 Rc8 22. Qb2 Nd7 23. Rxb7 Rxb7 24. Qxb7
Qd8 25. Qb2 Nc5 26. Qc2 Qa5 27. Rc1 Rb8 28. Qe2 h3 29. f5 exf5 30. Bd5 Qc3 31.
Rd1 Kf8 32. Qe5 Re8 33. Qd6+ Kg8 34. Rf1 Nxd3 35. Qd7 Rf8 36. Qxf5 Nb4 37.
Bxf7+ Rxf7 38. Qc8+ Rf8 39. Qe6+ Rf7 40. Qe8+ {1/2-1/2 (40) Caruana,F (2807)
-Anand,V (2783) Saint Louis USA 2017}) 4. g3 $5 (4. e3 dxe3 5. fxe3 cxb4 {
I wasn't entirely happy with White's compensation.}) 4... cxb4 5. a3 {Now we
are in Benko territory!} b3 {A solid alternative as playing the Benko a move
down could really be nasty.} ({From the other side I chose} 5... f6 $5 6. Bg2 (
6. e3 Nc6) 6... e5 7. O-O Nc6 8. d3 a5 9. e3 Bc5 10. exd4 Bxd4 11. Nxd4 Qxd4
12. Ra2 Nge7 13. Be3 Qd6 {(Kunte-Adhiban 2011) ended in a draw}) 6. d3 Nc6 7.
Nbd2 e5 8. Bg2 Nf6 9. O-O Be7 ({Another option was} 9... Bd6 10. Nxb3 O-O 11.
e3 dxe3 12. Bxe3 Be6 {with an equal game.}) 10. Nxb3 (10. Rb1 O-O 11. Rxb3 Nd7
$11) 10... O-O 11. Bg5 $5 {Getting rid of the knight which will influence the
fight for the light squares.} Rb8 12. Ne1 $1 Bd7 (12... Bg4 13. Nc2 h6 14. Bxf6
Bxf6 15. Nb4 {with a nice position for White. (but the computer disagrees)})
13. Nc2 b5 {This felt wrong.} 14. Nd2 $1 a6 {This is bit slow.} 15. Nb4 $1 {
After this I manage to seize the intiative.} Nxb4 16. axb4 bxc4 (16... Bxb4 17.
Rxa6 Bc8 18. cxb5 $1 ({Also possible is} 18. Ra2) 18... Rxb5 19. Bxf6 gxf6 20.
Ra8 {and the fight will continue on the light squares.}) 17. Nxc4 Bb5 18. Nxe5
Bxb4 19. Rb1 {I liked this move provoking a5.} a5 20. Ng4 Rb6 21. Qc1 $2 {
This stupid move ruined everything :).} (21. Nxf6+ gxf6 22. Bh6 Re8 {should be
fine for Black.}) ({Best was} 21. Bxf6 $1 gxf6 22. Nh6+ Kh8 23. Be4 $16 {
[%cal Gd1c1] with an attack for free!!}) 21... Qc8 $1 {Without the queens, it
will be difficult to capitalise on the intiative.} 22. Ne5 $6 ({The last
chance was} 22. Nxf6+ gxf6 23. Bh6 Qxc1 24. Rfxc1 Re8 25. Bf3 (25. Rc7 Rxe2)
25... f5 26. Bf4 $14) 22... Qe6 $1 {The tables have changed dramatically, now
the hunter becomes the hunted!} 23. Nf3 (23. Bxf6 Qxf6 24. Qc7 Rbb8 $15) 23...
Qxe2 24. Nxd4 Qxd3 25. Rd1 (25. Bxf6 $1 Rxf6 26. Rd1 Qc4 27. Qxc4 Bxc4 28. Nc6
Bc5 {I stopped here prematurely.} 29. Rd2 $1 {and it is a draw.}) 25... Qg6 26.
Bxf6 Qxf6 27. Nxb5 Rxb5 28. Qc6 Qf5 29. Be4 Qe5 30. Rd7 $1 Rc5 31. Qb7 g6 (
31... Rc3 {offered better chances.}) 32. Bd5 $1 Qf6 33. Rb3 Rc3 (33... Bc3 34.
Kg2 {is also fine.}) 34. Rxc3 Bxc3 35. Rxf7 $1 Rxf7 36. Bxf7+ Qxf7 (36... Kf8
37. Bd5 Bd4 38. Qc8+ Kg7 39. Qd7+ $11) 37. Qc8+ Qf8 38. Qc4+ {The cleanest.}
Qf7 {This was my first ever encounter against the Madras Tiger...I was bit
disappointed about missing my chances but still it turned out to be an
entertaining game and I will look forward to our future struggles!} 1/2-1/2

[Event "Tata Steel-A 80th"]
[Site "Wijk aan Zee"]
[Date "2018.01.16"]
[Round "4"]
[White "Caruana, Fabiano"]
[Black "So, Wesley"]
[Result "1/2-1/2"]
[WhiteElo "2811"]
[BlackElo "2792"]
[PlyCount "96"]
[EventDate "2018.01.13"]
[EventType "tourn"]
[EventRounds "13"]
[EventCountry "NED"]
[EventCategory "20"]
[SourceTitle "CBM 183"]
[Source "ChessBase"]
[SourceDate "2018.03.14"]
[SourceVersion "1"]
[SourceVersionDate "2018.03.14"]
[SourceQuality "1"]
[TimeControl "40/6000+30:20/3000+30:900+30"]

1. d4 {[%emt 0:00:00]} Nf6 {[%emt 0:00:30]} 2. c4 {[%emt 0:00:00]} e6 {[%emt 0:
00:07]} 3. Nc3 {[%emt 0:00:00]} Bb4 {[%emt 0:00:05]} 4. e3 {[%emt 0:00:00]} O-O
{[%emt 0:04:31]} 5. Nge2 {[%emt 0:00:02]} d5 {[%emt 0:05:27]} 6. a3 {[%emt 0:
00:14]} Be7 {[%emt 0:00:04]} 7. cxd5 {[%emt 0:00:08]} exd5 {[%emt 0:00:03]} 8.
Nf4 {[%emt 0:00:08]} Re8 {[%emt 0:05:14]} 9. Bd3 {[%emt 0:00:59]} Bd6 {[%emt 0:
03:31]} 10. O-O {[%emt 0:01:27]} Bxf4 {[%emt 0:00:05]} 11. exf4 {[%emt 0:00:06]
} Nc6 {[%emt 0:00:03]} 12. Be3 {[%emt 0:00:47]} Ne7 {[%emt 0:00:08]} 13. Qc2 {
[%emt 0:12:07]} g6 {[%emt 0:00:51]} 14. f3 {[%emt 0:00:15]} Bf5 {[%emt 0:01:41]
} 15. g4 {[%emt 0:05:46]} Bxd3 {[%emt 0:17:41]} 16. Qxd3 {[%emt 0:00:10]} Kg7 {
[%emt 0:04:14]} 17. Rae1 {[%emt 0:04:17]} Qd7 {[%emt 0:04:01]} 18. Bf2 {
[%emt 0:14:03]} h5 {[%emt 0:02:54]} 19. h3 {[%emt 0:00:42]} c6 {[%emt 0:08:18]}
20. Ne2 {[%emt 0:15:06]} hxg4 {[%emt 0:10:33]} 21. hxg4 {[%emt 0:00:15]} Nfg8 {
[%emt 0:08:42]} 22. Bh4 {[%emt 0:10:46]} f5 {[%emt 0:02:13]} 23. Ng3 {[%emt 0:
02:09]} Rf8 {[%emt 0:08:42]} 24. Re5 {[%emt 0:02:02]} Rf7 {[%emt 0:03:11]} 25.
Qe2 {[%emt 0:07:07]} Kf8 {[%emt 0:01:51]} 26. Re6 {[%emt 0:10:36]} Rc8 {
[%emt 0:06:49]} 27. b4 {[%emt 0:06:07]} b6 {[%emt 0:00:05]} 28. Re1 {[%emt 0:
01:51]} c5 {[%emt 0:00:20]} 29. bxc5 {[%emt 0:00:41]} bxc5 {[%emt 0:00:02]} 30.
dxc5 {[%emt 0:00:06]} Qc7 {[%emt 0:01:33]} 31. Kg2 {[%emt 0:09:11]} Qxc5 {
[%emt 0:02:24]} 32. Qe5 {[%emt 0:00:22]} fxg4 {[%emt 0:01:57]} 33. fxg4 {
[%emt 0:00:05]} d4 {[%emt 0:00:07]} 34. Qxc5 {[%emt 0:05:33]} Rxc5 {[%emt 0:00:
01]} 35. Ne4 {[%emt 0:01:59]} Rc2+ {[%emt 0:00:12]} 36. Kf3 {[%emt 0:00:33]}
Nd5 {[%emt 0:03:35]} 37. Bg5 {[%emt 0:00:09] Caruana missed a chance with 37.
Rd6, when after 37...Nxf4, he would have 38.Ng5 and black's knight is lost.
Instead after 37.Bg5 the game ended in a draw ten moves later.} (37. Rd6 Nxf4
38. Ng5 {[%csl Rf7]}) 37... Rh7 {[%emt 0:04:45]} 38. Nd6 {[%emt 0:01:04]} d3 {
[%emt 0:00:49]} 39. f5 {[%emt 0:01:30]} Rh3+ {[%emt 0:02:02]} 40. Ke4 {[%emt 0:
00:00]} d2 {[%emt 0:00:24]} 41. Rf1 {[%emt 0:13:51]} d1=Q {[%emt 0:24:26]} 42.
Rxd1 {[%emt 0:01:25]} Nc3+ {[%emt 0:00:15]} 43. Kd4 {[%emt 0:00:25]} Nxd1 {
[%emt 0:00:18]} 44. f6 {[%emt 0:12:46]} Nxf6 {[%emt 0:00:31]} 45. Bxf6 {
[%emt 0:00:30]} Rd2+ {[%emt 0:00:18]} 46. Kc5 {[%emt 0:00:05]} Rc2+ {[%emt 0:
08:05]} 47. Kd4 {[%emt 0:03:48]} Rd2+ {[%emt 0:00:09]} 48. Kc5 {[%emt 0:00:02]}
Rc2+ {[%emt 0:00:03]} 1/2-1/2

[Event "Tata Steel-A 80th"]
[Site "Wijk aan Zee"]
[Date "2018.01.16"]
[Round "4"]
[White "Giri, Anish"]
[Black "Carlsen, Magnus"]
[Result "1/2-1/2"]
[WhiteElo "2752"]
[BlackElo "2834"]
[PlyCount "61"]
[EventDate "2018.01.13"]
[EventType "tourn"]
[EventRounds "13"]
[EventCountry "NED"]
[EventCategory "20"]
[SourceTitle "CBM 183"]
[Source "ChessBase"]
[SourceDate "2018.03.14"]
[SourceVersion "1"]
[SourceVersionDate "2018.03.14"]
[SourceQuality "1"]
[TimeControl "40/6000+30:20/3000+30:900+30"]

1. e4 {[%emt 0:00:00]} e6 {[%emt 0:00:23]} 2. d4 {[%emt 0:00:00]} d5 {[%emt 0:
00:07]} 3. Nc3 {[%emt 0:00:00]} Bb4 {[%emt 0:00:08]} 4. e5 {[%emt 0:00:00]} Ne7
{[%emt 0:00:11]} 5. a3 {[%emt 0:00:27]} Bxc3+ {[%emt 0:00:10]} 6. bxc3 {
[%emt 0:00:03]} c5 {[%emt 0:00:15]} 7. Qg4 {[%emt 0:00:52]} cxd4 {[%emt 0:00:
09]} 8. Qxg7 {[%emt 0:03:29]} Rg8 {[%emt 0:00:09]} 9. Qxh7 {[%emt 0:00:03]} Qc7
{[%emt 0:00:17]} 10. Ne2 {[%emt 0:00:15]} Nbc6 {[%emt 0:00:23]} 11. f4 {
[%emt 0:00:19]} dxc3 {[%emt 0:00:08]} 12. Nxc3 {[%emt 0:05:59]} Nd4 {[%emt 0:
00:25]} 13. Bb2 {[%emt 0:09:42]} Bd7 {[%emt 0:02:15]} 14. O-O-O {[%emt 0:00:58]
} Qb6 {[%emt 0:00:45]} 15. Qd3 {[%emt 0:13:31]} Ndf5 {[%emt 0:00:19]} 16. Rd2 {
[%emt 0:01:11]} Rc8 {[%emt 0:06:56]} 17. g3 {[%emt 0:03:47]} Ne3 {[%emt 0:10:
51]} 18. Ne4 {[%emt 0:14:49]} Rxc2+ {[%emt 0:07:35]} 19. Rxc2 {[%emt 0:00:54]}
dxe4 {[%emt 0:00:03]} 20. Qxe4 {[%emt 0:05:59]} Nxc2 {[%emt 0:01:38]} 21. Qxc2
{[%emt 0:00:07]} Bc6 {[%emt 0:01:54]} 22. Bg2 {[%emt 0:00:20]} Bxg2 {[%emt 0:
00:29]} 23. Qxg2 {[%emt 0:00:05]} Nd5 {[%emt 0:00:07]} 24. Kb1 {[%emt 0:09:31]}
Nc3+ {[%emt 0:00:31]} 25. Ka1 {[%emt 0:00:24]} Qb3 {[%emt 0:00:28]} 26. Bxc3 {
[%emt 0:00:05]} Qxa3+ {[%emt 0:00:09]} 27. Kb1 {[%emt 0:00:18]} Qxc3 {[%emt 0:
00:04]} 28. Rc1 {[%emt 0:10:34]} Qb4+ {[%emt 0:00:15]} 29. Qb2 {[%emt 0:00:54]}
Qe4+ {[%emt 0:00:09]} 30. Qc2 {[%emt 0:00:05]} Qb4+ {[%emt 0:00:11]} 31. Qb2 {
[%emt 0:00:05]} 1/2-1/2